000 00958cab a2200289 4500
001 WB2931-06
008 090401t1993 xxu||||| |||| 00| 0 eng d
035 _a(Sirsi) u5510
041 _aeng
245 _a`Architect` found negligent
260 _c1993
350 _a0
490 _aBuilding Design
_v(1138/1139) 20 August 1993, 6(1)
520 _aA building surveyor named as the architect in an JCT contract for a job has been held liable for negligent supervision when a subcontractor allowed slurry containing asbestos to enter buildings which were being improved.
650 _aARCHITECTS
650 _aBARCLAYS BANK PROPERTY SERVICES
650 _aBUILDING SURVEYORS
650 _aFAIRCLOUGH BUILDING
650 _aMAINTENANCE WORKS
650 _aNEGLIGENCE
650 _aOWENS STEPHEN
650 _aSUBCONTRACTORS
650 _aSUPERVISION
690 _aBUILT ENVIRONMENT-BUILDING STANDARDS
942 _n0
948 _c04/03/1997
999 _c3284
_d3284